00424nam a2200121Ia 4500008004100000024004400041082001900085100007200104245003400176260002500210600003400235650003300269250506s9999 xx 000 0 und d a07A-020-TE, 07B-009-TE & 07B-031-TE a629.892072 BHU aShakeel Karim Bhutto, Muhammad Fasih Uddin & Kamran Shafiq Khanzada 0aWiFi-Robotic Surveillance Car aKarachi:bUIT,c2007 aTelecommunication Engineering aBachelor of Engineering (BE)